000 03052nam0a2200337 4500
001 RU\NLR\BIBL_A\012713159
005 20260419173027.0
010 _a978-5-7883-1647-5
_9120
021 _aRU
_bКН-П-21-077214
_9КН-П-21-6153
035 _a(NLR Aleph) 012713159
035 _a(RuMoRGB)010869051
090 _a13658395
_c13658395
100 _a20220222d2021 u y0rusy50 ca
101 0 _arus
102 _aRU
105 _aa|||j|||000zy
181 0 _ai
_baxxe
182 1 _an
200 1 _aОсновные положения теории модульного векторного моделирования механизмов
_eучебное пособие для обучающихся по основным образовательным программам высшего образования по направлениям подготовки 13.03.03 Энергетическое машиностроение, 15.03.01 Машиностроение, 15.03.03 Прикладная механика, 15.03.05 Конструкторско-технологическое обеспечение машиностроительных производств, 24.03.01 Ракетные комплексы и космонавтика, 24.03.04 Авиастроение, 24.03.05 Двигатели летательных аппаратов, 25.03.01 Техническая эксплуатация летательных аппаратов и двигателей и специальностям, 24.05.01 Проектирование, производство и эксплуатация ракет и ракетно-космических комплексов, 24.05.02 Проектирование авиационных и ракетных двигателей, 24.05.07 Самолето- и вертолётостроение
_fБ. Б. Косенок
_gМинистерство науки и высшего образования Российской Федерации, Федеральное государственное автономное образовательное учреждение высшего образования "Самарский национальный исследовательский университет имени академика С. П. Королева" (Самарский университет)
203 _aТекст
_bвизуальный
_cнепосредственный
210 _aСамара
_cИзд-во Самарского университета
_d2021
215 _a95 с.
_cил., табл.
_d20
320 _aБиблиогр.: с. 94-95 (14 назв.)
606 1 _aМашин и механизмов теория
_jУчебные издания для высших учебных заведений
_2nlr_sh2
_3RU\NLR\AUTH\661262226
675 _a512.642(075.8)
_v4
686 1 _aК412я73-1
700 1 _aКосенок
_bБ. Б.
_gБорис Борисович
942 _cBOOK
980 _aNB